00369nam a22001217a 450000500170000000800410001702000180005805000210007610000140009724500720011126000510018330000130023420251222174608.0251222b |||||||| |||| 00| 0 eng d a9966-44-157-3 aQL 955 .F37 1980 aF. Fasana aTEXTBOOK OF MEDICAL EMBRYOLOGY b; Normal and Abnormal Development aNairobi , KenyabKenya Literature Bureauc1980 a319pages